Can You Name All The Characteristics Of Mina From Brawl Stars? - Statistics

General Stats
  • This quiz has been taken 2 times
  • The average score is 5 of 15
Answer Stats
Hint Answer % Correct
Rarity Mythic
100%
Prestige Title Breakdancer
50%
Class Damage Dealer
50%
Title Hurricane
50%
Buffies No
50%
Trait No
50%
Trio Skate Beats
50%
Hypercharge Triplecane
50%
Star Power Blown Away
0%
Attack Capoeira Combo
0%
Gadgets Capo-What
0%
Super Furacão 3000
0%
Voice Actor Luiza Caspary
0%
Gadgets Windmill
0%
Star Power Zum Zum Zum
0%
No matching quizzes found
Score Distribution
Percent of People with Each Score
Percentile by Number Answered
Your Score History
You have not taken this quiz